Sự phát triển chồi và rễ
Сохранить в:
| Главный автор: | |
|---|---|
| Формат: | |
| Опубликовано: |
TP.Hồ Chí Minh
Đại học quốc gia
|
| Предметы: | |
| Метки: |
Добавить метку
Нет меток, Требуется 1-ая метка записи!
|
| Thư viện lưu trữ: | Trung tâm Học liệu Lê Vũ Hùng, Trường Đại học Đồng Tháp |
|---|
| LEADER | 00746pam a22002418a 4500 | ||
|---|---|---|---|
| 001 | 00037742 | ||
| 005 | 20171026081025.0 | ||
| 008 | 170514s ||||||Viesd | ||
| 041 | 0 | # | |a Vie |
| 082 | 1 | 4 | |a 580 |b S550PH |
| 100 | 1 | # | |a Võ, Thị Bạch Mai |
| 245 | 1 | 0 | |a Sự phát triển chồi và rễ |c Võ Thị Bạch Mai |
| 260 | # | # | |a TP.Hồ Chí Minh |b Đại học quốc gia |
| 300 | # | # | |a 124tr. |c 21 cm |
| 653 | # | # | |a chồi và rễ |
| 653 | # | # | |a phát triển |
| 852 | # | # | |b Kho mượn |j KM.0022836 |
| 852 | # | # | |b Kho đọc |j KD.0021995 |
| 852 | # | # | |j KD.0021995 |j KM.0022836 |
| 910 | |d 14/05/2017 | ||
| 980 | # | # | |a Trung tâm Học liệu Lê Vũ Hùng, Trường Đại học Đồng Tháp |